The Sims Quiz - Statistics

General Stats
  • This quiz has been taken 157 times
  • The average score is 7 of 10
Answer Stats
Question Answer % Correct
Which game is the only one to have aliens in the base game? The Sims 2
100%
Which game is the only one to not have an expansion pack called Seasons? The Sims
80%
Which game is set after Bella Goth is abducted by aliens? The Sims 2
80%
Which game features Bella Goth as a child? The Sims 3
80%
Which game has what is called an 'open world', meaning there is no loading screens when traveling between neighborhoods? The Sims 3
80%
Which game uses a color wheel in Create-A-Sim instead of choosing from different set colors? The Sims 3
80%
Which game does not fit in with the timeline of the other three games? The Sims 4
80%
Which game features the funny but dysfunctional Pancake family? The Sims 4
80%
Which sims game uses pre-rendered backgrounds? The Sims
40%
Which game has different TV channels for different TVs? The Sims 3
40%
No matching quizzes found
Score Distribution
Percent of People with Each Score
Percentile by Number Answered
Your Score History
You have not taken this quiz